Irresistible - One Direction (All lyrics) - Statistics

General Stats
  • This quiz has been taken 40 times
  • The average score is 184 of 199
Answer Stats
Lyrics % Correct
And
100%
and
100%
eyes
100%
fingertips
100%
I
100%
if
100%
I'm
100%
irresistible
100%
Irresistible
100%
It
100%
kiss
100%
kissable
100%
lips
100%
make
100%
makes
100%
so
100%
the
100%
to
100%
touch
100%
touchable
100%
who
100%
you
100%
your
100%
Your
100%
ain't
95%
alright
95%
answer
95%
are
95%
ask
95%
doesn't
95%
Don't
95%
don't
95%
for
95%
forever
95%
go
95%
have
95%
last
95%
me
95%
Midnight
95%
night
95%
no
95%
okay
95%
or
95%
stay
95%
then
95%
time
95%
try
95%
fine
91%
Heartache
91%
in
91%
It's
91%
it's
91%
say
91%
That
91%
When
91%
down
86%
laughing
86%
all
82%
But
82%
goodbye
82%
knew
82%
my
82%
things
82%
unmissable
82%
find
77%
I'll
77%
know
77%
on
77%
that's
77%
why
77%
see
73%
should
73%
wish
73%
Dark
68%
else
68%
falling
68%
light
68%
now
68%
own
68%
someone
68%
tonight
68%
turns
68%
I've
64%
leave
64%
tried
64%
around
59%
myself
59%
other
59%
flips
55%
never
55%
world
55%
No matching quizzes found
Score Distribution
Percent of People with Each Score
Percentile by Number Answered
Your Score History
You have not taken this quiz